10 Largest Ethnic Groups of Poland - Statistics

General Stats
  • This quiz has been taken 92 times
  • The average score is 7 of 10
Answer Stats
Rank Answer % Correct
4 German
98%
7 Russian
98%
5 Ukrainian
98%
1 Polish
90%
9 Lithuanian
86%
6 Belarusian
71%
2 Silesian
58%
3 Kashubian
53%
10 Vietnamese
26%
8 Lemko
11%
No matching quizzes found
Score Distribution
Percent of People with Each Score
Percentile by Number Answered
Your Score History
You have not taken this quiz